000 00653nam a2200169Ia 4500
008 151213s9999 xx 000 0 und d
020 _a984-702450049-9
100 _aনির্মল চন্দ্র পল /মাসুদুজ্জামান
245 _aবিশেষ ক্ষমতা আইন
_cনির্মল চন্দ্র পল /মাসুদুজ্জামান
250 _a2nd
260 _aDhaka
_bHosne Ara and Murshida Akter
_c2009
300 _a6439 p.
650 _aLaw
650 _aLaw
700 _aনির্মল চন্দ্র পল /মাসুদুজ্জামান
999 _c3565
_d3565